000 00332nam a2200157Ia 4500
003 OSt
005 20231109072534.0
008 170524s9999 xx 000 0 und d
020 _a1-85076-926-5
040 _cIIMT
100 _aDonovan
245 0 _aEat better feel better
260 _bApple
260 _c2004
942 _2ddc
_c02
999 _c7168
_d7168